000 00601nam a2200205Ia 4500
003 0100
008 130227s9999 xx 000 0 und d
040 _cARRUPELIB
050 _aSPCP B5300.K112
100 _aKagame, Alexis
245 _aLa Philosophie bantu-rwandaise de l'etre
260 _aNew York; Bruxelles
260 _bJohnson Reprint Corporation; Academie Royale des Sciences d'Outre-mer
260 _C1966
300 _a448p
300 _b 20cm
440 _aClasse des sciences morales et politiques:Memoire; nouvelle serie n.12, fasc.1
650 _bCommunism
942 _2lcc
_01
999 _c6367
_d6367